Hospodárska súťaž bakalárska práca

Salvato in:
Dettagli Bibliografici
Autore principale: Dvorščíková, Simona
Enti autori: Národohospodárska fakulta EU. Katedra ekonómie, Univerzita Komenského v Bratislave. Právnická fakulta
Altri autori: Lennerová, Ivana, 1979-
Natura: Libro
Lingua:slovacco
Pubblicazione: Bratislava 2021
Tags: Aggiungi Tag
Nessun Tag, puoi essere il primo ad aggiungerne!!

MARC

LEADER 00000nbm a2200000 4500
001 0275286
005 20220121143700.0
041 0 |a slo 
044 |a SK 
245 1 0 |a Hospodárska súťaž  |b bakalárska práca  |c Simona Dvorščíková ; školiteľ: Ivana Lennerová 
264 1 |a Bratislava  |c 2021 
300 |a 83 s. 
100 1 |a Dvorščíková, Simona 
700 1 |a Lennerová, Ivana, 1979- 
710 2 |a Národohospodárska fakulta EU. Katedra ekonómie 
710 2 |a Univerzita Komenského v Bratislave. Právnická fakulta